Novinky v oblasti IFRS

Medzinárodná rada pre účtovné štandardy IASB zverejnila definitívne znenie štandardu oceňovania reálnou hodnotou. Štandard sa bude povinne uplatňovať od 1. januára 2013. Jeho skoršia aplikácia sa povoľuje. Tento štandard definuje reálnu hodnotu, stanovuje jednotný rámec IFRS pre oceňovanie reálnou h...

Descripción completa

Guardado en:
Detalles Bibliográficos
Autor principal: Bombalová, Miriam
Formato: Capítulo de libro
Lenguaje:eslovaco
Materias:
Etiquetas: Agregar Etiqueta
Sin Etiquetas, Sea el primero en etiquetar este registro!

MARC

LEADER 00000naa a2200000 4500
001 0135788
005 20231208084733.0
041 0 |a slo 
044 |a SK 
245 1 0 |a Novinky v oblasti IFRS  |c Miriam Bombalová 
520 |a Medzinárodná rada pre účtovné štandardy IASB zverejnila definitívne znenie štandardu oceňovania reálnou hodnotou. Štandard sa bude povinne uplatňovať od 1. januára 2013. Jeho skoršia aplikácia sa povoľuje. Tento štandard definuje reálnu hodnotu, stanovuje jednotný rámec IFRS pre oceňovanie reálnou hodnotou a stanovuje vykazovania o oceňovaní reálnou hodnotou. 
610 2 0 |a štandardy účtovné medzinárodné 
610 2 0 |a výkazy finančné 
610 2 0 |a harmonizácia 
610 2 0 |a nástroje finančné 
610 2 0 |a oceňovanie 
100 1 |a Bombalová, Miriam